000 00702nam a2200217 i 4500
001 139909
003 ES-MaACL
005 20230906195938.0
007 t|
008 070214s1966 sp |||| | spa d
100 1 _aSchmaus, Michael.
_9104445
245 1 3 _aLa verdad, encuentro con Dios /
_cMichael Schmaus ; [versión... Ricardo Sánchez Ortiz de Urbina].
260 _aMadrid :
_bRialp,
_c1966.
300 _a139 p. ;
_c18 cm.
490 1 _aProblemas vivos del cristianismo ;
_v1
650 0 4 _aIglesia.
_913549
700 1 _aSánchez Ortiz de Urbina, Ricardo.
_9102822
830 0 _aProblemas vivos del cristianismo ;
_v1
_9187160
852 _aES-MaACL
_jC-31175
999 _c139909
_d139909